[Event "GER-ch (Women)"]
[Site "Magdeburg"]
[Date "2023.07.08"]
[Round "5"]
[White "Schmidt, Luise"]
[Black "Ziegenfuss, Larissa"]
[Result "1/2-1/2"]
[WhiteElo "1366"]
[BlackElo "1833"]
[PlyCount "87"]
[EventDate "2023.07.05"]
[EventType "swiss"]
[EventRounds "7"]
[EventCountry "GER"]
[SourceTitle "CBM 215 Extra"]
[Source "ChessBase"]
[SourceDate "2023.09.30"]
[SourceVersion "1"]
[SourceVersionDate "2023.09.30"]
[SourceQuality "1"]

1. d4 Nf6 2. c4 e6 3. Nc3 Bb4 4. Qc2 0-0 5. a3 Be7 6. Nf3 d5 7. e3 b6 8. cxd5 exd5 9. Be2 Bb7 10. b4 Nbd7 11. 0-0 a6 12. Na4 Bd6 13. Bb2 Re8 14. Rac1 Rc8 15. Bd3 Ne4 16. Nd2 Qh4 17. h3 Nxd2 18. Qxd2 Nf6 19. Bf5 Rcd8 20. Qd1 Qg5 21. Bg4 h5 22. Bf3 Bc8 23. Nc3 Bxh3 24. Nxd5 Nxd5 25. Bxd5 Qxd5 26. gxh3 Re6 27. Re1 Rg6+ 28. Kf1 Qg2+ 29. Ke2 Rf6 30. Rf1 Bg3 31. Qe1 Qf3+ 32. Kd2 Bxf2 33. Qe2 Qxe2+ 34. Kxe2 Bg3 35. Rxf6 gxf6 36. Rg1 h4 37. e4 Kf8 38. Rf1 Ke7 39. d5 Rd6 40. Rc1 Rd8 41. Rf1 Rd6 42. Rc1 Rd8 43. Rf1 Rd6 44. Rc1 1/2-1/2

[Event "GER-ch (Women)"]
[Site "Magdeburg"]
[Date "2023.07.06"]
[Round "3"]
[White "Shynkar, Daria"]
[Black "Ziegenfuss, Larissa"]
[Result "0-1"]
[WhiteElo "1179"]
[BlackElo "1833"]
[PlyCount "56"]
[EventDate "2023.07.05"]
[EventType "swiss"]
[EventRounds "7"]
[EventCountry "GER"]
[SourceTitle "CBM 215 Extra"]
[Source "ChessBase"]
[SourceDate "2023.09.30"]
[SourceVersion "1"]
[SourceVersionDate "2023.09.30"]
[SourceQuality "1"]

1. d4 Nf6 2. c4 e6 3. Nc3 Bb4 4. Qc2 0-0 5. Bg5 d5 6. e3 Be7 7. cxd5 Nxd5 8. Bxe7 Qxe7 9. Nxd5 exd5 10. a3 Nc6 11. Bd3 h6 12. Ne2 Qg5 13. Nf4 Nxd4 14. Qxc7 Ne6 15. Nxe6 fxe6 16. Qg3 Qf6 17. 0-0 e5 18. e4 d4 19. Bc4+ Be6 20. Bxe6+ Qxe6 21. b4 Rac8 22. Rfc1 Kh7 23. Qd3 Qf6 24. f3 Qg5 25. Rxc8 Rxc8 26. Qd1 Qe3+ 27. Kh1 d3 28. Rb1 d2 0-1

[Event "GER-chT Christmas U20 Girls"]
[Site "Playchess.com INT"]
[Date "2020.12.29"]
[Round "4.2"]
[White "Ziegenfuss, Larissa"]
[Black "Kalina, Lena"]
[Result "1/2-1/2"]
[WhiteElo "1752"]
[BlackElo "1585"]
[PlyCount "108"]
[EventDate "2020.12.29"]
[EventType "team-swiss (blitz)"]
[EventRounds "7"]
[EventCountry "GER"]
[SourceTitle "CBM 200 Extra"]
[Source "ChessBase"]
[SourceDate "2021.03.31"]
[SourceVersion "1"]
[SourceVersionDate "2021.03.31"]
[SourceQuality "1"]
[WhiteTeam "Baden-Baden"]
[BlackTeam "Landskrone"]
[WhiteTeamCountry "GER"]
[BlackTeamCountry "GER"]

1. e4 c5 2. Nf3 Nc6 3. d4 cxd4 4. Nxd4 g6 5. c4 Nf6 6. Nc3 Bg7 7. Be3 0-0 8. Be2 Nxd4 9. Bxd4 d6 10. 0-0 Be6 11. Rc1 a5 12. f4 a4 13. f5 Bd7 14. Nd5 Nxd5 15. cxd5 Qa5 16. f6 exf6 17. Bxf6 Qb6+ 18. Kh1 Rae8 19. Bxg7 Kxg7 20. Qc2 f5 21. Bd3 fxe4 22. Bxe4 Qd4 23. Bf3 Bf5 24. Qc7+ Rf7 25. Qxd6 Qxb2 26. a3 Qe5 27. Qxe5+ Rxe5 28. Rfe1 Rxe1+ 29. Rxe1 Rd7 30. g4 Bd3 31. Rd1 Bc4 32. g5 h6 33. gxh6+ Kxh6 34. d6 Kg5 35. h3 Kf6 36. Bg4 Rd8 37. d7 Bb5 38. Rd4 Bc6+ 39. Kh2 Ke7 40. Kg3 Bxd7 41. Bxd7 Rxd7 42. Rxa4 Kf6 43. Kg4 Rd5 44. h4 Ke6 45. Rb4 b5 46. Rf4 Rd3 47. a4 bxa4 48. Rxa4 Kf6 49. Ra6+ Kg7 50. Kg5 Rd5+ 51. Kg4 Kh6 52. Ra8 Rd4+ 53. Kg3 Kh7 54. Ra5 Kh6 1/2-1/2

[Event "Pfalz op-B 11th"]
[Site "Neustadt an der Weinstrasse"]
[Date "2020.02.22"]
[Round "3"]
[White "Ziegenfuss, Larissa"]
[Black "Kuran, Rainer"]
[Result "1-0"]
[WhiteElo "1736"]
[BlackElo "1440"]
[PlyCount "81"]
[EventDate "2020.02.21"]
[EventType "swiss"]
[EventRounds "7"]
[EventCountry "GER"]
[SourceTitle "CBM 195 Extra"]
[Source "ChessBase"]
[SourceDate "2020.05.31"]
[SourceVersion "1"]
[SourceVersionDate "2020.05.31"]
[SourceQuality "1"]

1. e4 e5 2. Nf3 Nc6 3. Bb5 a6 4. Ba4 Nf6 5. 0-0 Be7 6. Re1 b5 7. Bb3 0-0 8. a4 Bb7 9. d3 d6 10. Bd2 Nd7 11. Nc3 Na5 12. Ba2 b4 13. Ne2 c5 14. Ng3 Kh8 15. Nf5 Nf6 16. c3 Nc6 17. Ng5 Nxe4 18. Nxe4 Bc8 19. Nxe7 Qxe7 20. Ng5 h6 21. Qh5 Be6 22. Nxe6 fxe6 23. Re4 Rf5 24. Qg4 Rf6 25. Qh5 Rf5 26. Qh3 Qf6 27. Rf1 Rf8 28. f3 g5 29. Qh5 Kg7 30. Rg4 Rh8 31. Bb1 Qf7 32. Qxf7+ Rxf7 33. cxb4 cxb4 34. Rc4 Nd4 35. Rxb4 Ra8 36. Rb6 d5 37. Re1 Kf6 38. Ba2 Nc2 39. Bxd5 Kf5 40. g4+ Kg6 41. Re2 1-0

[Event "GER-chT U20 Girls"]
[Site "Braunschweig"]
[Date "2019.12.28"]
[Round "3.7"]
[White "Biermann, Sophie"]
[Black "Ziegenfuss, Larissa"]
[Result "1/2-1/2"]
[WhiteElo "1645"]
[BlackElo "1755"]
[PlyCount "50"]
[EventDate "2019.12.27"]
[EventType "team-swiss"]
[EventRounds "7"]
[EventCountry "GER"]
[SourceTitle "CBM 194 Extra"]
[Source "ChessBase"]
[SourceDate "2020.03.31"]
[SourceVersion "1"]
[SourceVersionDate "2020.03.31"]
[SourceQuality "1"]
[WhiteTeam "Trier SG"]
[BlackTeam "Stadtilm Blau Weiss"]
[WhiteTeamCountry "GER"]
[BlackTeamCountry "GER"]

1. d4 Nf6 2. Nf3 e6 3. Bf4 b6 4. e3 Bb7 5. h3 c5 6. Nbd2 Nc6 7. c3 a6 8. Bd3 d5 9. 0-0 Bd6 10. Bxd6 Qxd6 11. Re1 0-0 12. e4 dxe4 13. Nxe4 Nxe4 14. dxc5 Qxc5 15. Bxe4 Qe7 16. Qc2 h6 17. Rad1 Rac8 18. Qe2 Qc7 19. Rd2 Rfd8 20. Red1 Rxd2 21. Rxd2 Rd8 22. Rxd8+ Nxd8 23. Bxb7 Qxb7 24. Qd3 Nc6 25. Qd6 b5 1/2-1/2

[Event "GER-chT U20 Girls"]
[Site "Braunschweig"]
[Date "2019.12.28"]
[Round "4.7"]
[White "Ziegenfuss, Larissa"]
[Black "Rempe, Janne"]
[Result "1-0"]
[WhiteElo "1755"]
[BlackElo "1559"]
[PlyCount "65"]
[EventDate "2019.12.27"]
[EventType "team-swiss"]
[EventRounds "7"]
[EventCountry "GER"]
[SourceTitle "CBM 194 Extra"]
[Source "ChessBase"]
[SourceDate "2020.03.31"]
[SourceVersion "1"]
[SourceVersionDate "2020.03.31"]
[SourceQuality "1"]
[WhiteTeam "Stadtilm Blau Weiss"]
[BlackTeam "Kiel Doppelbauer"]
[WhiteTeamCountry "GER"]
[BlackTeamCountry "GER"]

1. e4 d6 2. d4 Nf6 3. Nc3 Nbd7 4. Nf3 e5 5. Bc4 Be7 6. 0-0 0-0 7. a4 a5 8. b3 c6 9. dxe5 dxe5 10. Bb2 Qc7 11. Qe2 Nc5 12. Nd2 Ne6 13. Bxe6 Bxe6 14. Nc4 Ng4 15. h3 Nf6 16. Rad1 Rad8 17. Ne3 Qc8 18. Kh2 h6 19. g4 h5 20. Nf5 Bc5 21. f3 hxg4 22. hxg4 g6 23. Qg2 Bxf5 24. gxf5 Kg7 25. Qg3 Rh8+ 26. Kg2 Rdg8 27. Qxe5 b6 28. Ne2 Kf8 29. Qxf6 gxf5+ 30. Ng3 Be7 31. Qxf5 Qxf5 32. exf5 Rh5 33. f6 1-0

[Event "GER-chT U20 Girls"]
[Site "Braunschweig"]
[Date "2019.12.27"]
[Round "1.6"]
[White "Wiesner, Paula"]
[Black "Ziegenfuss, Larissa"]
[Result "1-0"]
[WhiteElo "1955"]
[BlackElo "1755"]
[PlyCount "88"]
[EventDate "2019.12.27"]
[EventType "team-swiss"]
[EventRounds "7"]
[EventCountry "GER"]
[SourceTitle "CBM 194 Extra"]
[Source "ChessBase"]
[SourceDate "2020.03.31"]
[SourceVersion "1"]
[SourceVersionDate "2020.03.31"]
[SourceQuality "1"]
[WhiteTeam "Lichtenberg Borussia"]
[BlackTeam "Stadtilm Blau Weiss"]
[WhiteTeamCountry "GER"]
[BlackTeamCountry "GER"]

1. d4 Nf6 2. c4 e6 3. Nc3 Bb4 4. e3 0-0 5. Nge2 Re8 6. a3 Bf8 7. Ng3 d5 8. Bd3 b6 9. 0-0 Bb7 10. Qc2 g6 11. b3 Nbd7 12. Bb2 e5 13. cxd5 exd4 14. exd4 Nxd5 15. Rfe1 N7f6 16. Bc4 Bg7 17. Re5 Nf4 18. Bf1 Qd7 19. Rae1 a6 20. Qc1 N6d5 21. Rxe8+ Rxe8 22. Nxd5 Nxd5 23. Re4 Rxe4 24. Nxe4 f5 25. Nd2 Qe7 26. Nc4 Kh8 27. Ne5 c5 28. Nf3 Qf6 29. Qe1 Qf7 30. Bc4 Qe7 31. Ne5 Qc7 32. dxc5 bxc5 33. Nd3 Bxb2 34. Nxb2 Nf6 35. Qe6 Kg7 36. Nd3 a5 37. Nxc5 Qxc5 38. Qf7+ Kh6 39. Qxf6 Qxa3 40. Qh4+ Kg7 41. Qd4+ Kh6 42. Qf4+ g5 43. Qxf5 Qc1+ 44. Bf1 Bc8 1-0

[Event "GER-ch U16 Girls"]
[Site "Willingen"]
[Date "2019.06.14"]
[Round "8"]
[White "Ziegenfuss, Larissa"]
[Black "Muedder, Melanie"]
[Result "0-1"]
[WhiteElo "1771"]
[BlackElo "1912"]
[PlyCount "66"]
[EventDate "2019.06.08"]
[EventType "swiss"]
[EventRounds "9"]
[EventCountry "GER"]
[SourceTitle "CBM 191 Extra"]
[Source "ChessBase"]
[SourceDate "2019.09.30"]
[SourceVersion "1"]
[SourceVersionDate "2019.09.30"]
[SourceQuality "1"]

1. e4 c5 2. Nf3 Nc6 3. d4 cxd4 4. Nxd4 e5 5. Nb5 d6 6. c4 Be7 7. N5c3 Be6 8. Bd3 Bg5 9. Na3 Bxc1 10. Rxc1 a6 11. 0-0 Nge7 12. Nc2 0-0 13. Ne3 Ng6 14. Bb1 Nf4 15. Ncd5 Bxd5 16. Nxd5 Nxd5 17. cxd5 Nd4 18. Qd2 Rc8 19. Kh1 Qh4 20. f3 h6 21. Bd3 Kh7 22. Rc3 Rc5 23. b4 Rxc3 24. Qxc3 Qf4 25. Qc1 Qf6 26. Qc7 b5 27. Qb7 Qf4 28. Qxa6 Rb8 29. Qxd6 Ra8 30. Bb1 Rc8 31. g3 Qe3 32. f4 Rc1 33. Rxc1 Qf3+ 0-1

[Event "GER-ch U16 Girls"]
[Site "Willingen"]
[Date "2019.06.13"]
[Round "7"]
[White "Khamenya, Vitalia"]
[Black "Ziegenfuss, Larissa"]
[Result "1/2-1/2"]
[WhiteElo "1877"]
[BlackElo "1771"]
[PlyCount "49"]
[EventDate "2019.06.08"]
[EventType "swiss"]
[EventRounds "9"]
[EventCountry "GER"]
[SourceTitle "CBM 191 Extra"]
[Source "ChessBase"]
[SourceDate "2019.09.30"]
[SourceVersion "1"]
[SourceVersionDate "2019.09.30"]
[SourceQuality "1"]

1. e4 c5 2. Nf3 d6 3. d4 cxd4 4. Nxd4 Nf6 5. Nc3 a6 6. f4 e5 7. Nf3 Qc7 8. Bd3 Be7 9. 0-0 0-0 10. Kh1 Nbd7 11. fxe5 dxe5 12. Nh4 Nc5 13. Nf5 Bxf5 14. exf5 Rad8 15. Qf3 Nxd3 16. cxd3 Rd7 17. Bg5 Qb6 18. Qe2 Qd4 19. Rae1 Qxd3 20. Qxe5 Bd6 21. Qe2 Qxe2 22. Rxe2 Be7 23. h3 h6 24. Bf4 Bb4 25. Be5 1/2-1/2

[Event "GER-ch U16 Girls"]
[Site "Willingen"]
[Date "2019.06.09"]
[Round "1"]
[White "Zell, Hannah"]
[Black "Ziegenfuss, Larissa"]
[Result "1/2-1/2"]
[WhiteElo "1494"]
[BlackElo "1771"]
[PlyCount "102"]
[EventDate "2019.06.08"]
[EventType "swiss"]
[EventRounds "9"]
[EventCountry "GER"]
[SourceTitle "CBM 191 Extra"]
[Source "ChessBase"]
[SourceDate "2019.09.30"]
[SourceVersion "1"]
[SourceVersionDate "2019.09.30"]
[SourceQuality "1"]

1. e4 c5 2. b3 Nc6 3. Nc3 e6 4. Bb2 a6 5. a4 Nf6 6. Nf3 d6 7. Be2 Be7 8. d3 Qc7 9. 0-0 0-0 10. d4 cxd4 11. Nxd4 Nxd4 12. Qxd4 b6 13. Ba3 e5 14. Qd2 Bb7 15. f3 Rac8 16. Bc4 Rfd8 17. Rfd1 Bf8 18. Nd5 Nxd5 19. exd5 g6 20. Ra2 Bg7 21. Be2 f5 22. c4 a5 23. Bd3 Re8 24. Re1 Re7 25. Re2 Rce8 26. Qe1 Bc8 27. h3 Bh6 28. Kh2 Bf4+ 29. g3 Bg5 30. Ra1 f4 31. g4 Qd7 32. Be4 Rf7 33. Kg1 Qd8 34. Rh2 Bh4 35. Qe2 Kg7 36. Kg2 Rh8 37. Bd3 Qe7 38. Qe4 Qf6 39. Kf1 Bg3 40. Rh1 h5 41. Kg2 Rd7 42. Bc2 Rdd8 43. Rab1 Rh6 44. Rbg1 hxg4 45. hxg4 Rdh8 46. Rxh6 Rxh6 47. Kf1 Rh2 48. Rg2 Rxg2 49. Kxg2 Bd7 50. Kf1 Be8 51. Ke2 Bh4 1/2-1/2

[Event "GER-ch U16 Girls"]
[Site "Willingen"]
[Date "2018.05.24"]
[Round "7"]
[White "Muedder, Melanie"]
[Black "Ziegenfuss, Larissa"]
[Result "1/2-1/2"]
[WhiteElo "1900"]
[BlackElo "1618"]
[PlyCount "102"]
[EventDate "2018.05.19"]
[EventType "swiss"]
[EventRounds "9"]
[EventCountry "GER"]
[SourceTitle "CBM 184 Extra"]
[Source "ChessBase"]
[SourceDate "2018.06.28"]
[SourceVersion "1"]
[SourceVersionDate "2018.06.28"]
[SourceQuality "1"]

1. e4 c5 2. Nf3 e6 3. Nc3 Nc6 4. d4 cxd4 5. Nxd4 Qc7 6. Qd3 Nf6 7. Ndb5 Qb8 8. Qg3 Qxg3 9. hxg3 Kd8 10. Bf4 e5 11. Bg5 a6 12. Na3 b5 13. Nab1 Be7 14. Bxf6 Bxf6 15. Nd2 Nd4 16. 0-0-0 Bb7 17. Kb1 Rc8 18. Bd3 Bg5 19. Nf3 Nxf3 20. gxf3 h6 21. Rh5 Kc7 22. Rhh1 Bc6 23. Be2 Rhe8 24. Nd5+ Bxd5 25. Rxd5 d6 26. Rhd1 Red8 27. a4 bxa4 28. Ra5 Ra8 29. Rxa4 g6 30. Rxa6 Rxa6 31. Bxa6 h5 32. Bc4 Rf8 33. Rh1 Kd7 34. b4 Bd2 35. b5 Bb4 36. g4 hxg4 37. fxg4 Bc5 38. f3 Bd4 39. Bd5 Ke7 40. Rh7 Kf6 41. Ka2 Ke7 42. Kb3 Bc5 43. Ka4 Bb6 44. Kb4 Kf6 45. c4 Ke7 46. Rh2 Kd7 47. Rh1 Kd8 48. Bc6 Kc7 49. Ra1 Rh8 50. Bd5 f6 51. Rf1 g5 1/2-1/2

[Event "GER-ch U16 Girls"]
[Site "Willingen"]
[Date "2018.05.23"]
[Round "5"]
[White "Mundt, Alexandra"]
[Black "Ziegenfuss, Larissa"]
[Result "0-1"]
[WhiteElo "1692"]
[BlackElo "1618"]
[PlyCount "88"]
[EventDate "2018.05.19"]
[EventType "swiss"]
[EventRounds "9"]
[EventCountry "GER"]
[SourceTitle "CBM 184 Extra"]
[Source "ChessBase"]
[SourceDate "2018.06.28"]
[SourceVersion "1"]
[SourceVersionDate "2018.06.28"]
[SourceQuality "1"]

1. Nf3 c5 2. c4 Nc6 3. g3 e5 4. Nc3 g6 5. Bg2 Bg7 6. 0-0 d6 7. d3 h6 8. Rb1 Nge7 9. a3 a5 10. Nd2 0-0 11. Nb5 f5 12. f4 exf4 13. Rxf4 Nd4 14. e3 Nxb5 15. cxb5 g5 16. Rf1 Rb8 17. b4 axb4 18. axb4 b6 19. bxc5 dxc5 20. Qb3+ Kh7 21. Bb2 Bxb2 22. Rxb2 Ng6 23. Ra2 Bb7 24. Ra7 Qc7 25. Nc4 Ne7 26. g4 Nc8 27. Rxb7 Rxb7 28. Bxb7 Qxb7 29. gxf5 Qe7 30. e4 Qd7 31. Ne5 Qd4+ 32. Rf2 Qxe5 33. Qa2 Qd4 34. Qe6 Qd6 35. Qc4 Ne7 36. Kg2 Qf6 37. Ra2 Nc8 38. Qd5 Qg7 39. Qe6 Qf7 40. Qxf7+ Rxf7 41. Kf3 Nd6 42. Ra6 Rb7 43. f6 Nf7 44. Ke3 Kg6 0-1

[Event "GER-ch U16 Girls"]
[Site "Willingen"]
[Date "2018.05.22"]
[Round "4"]
[White "Ziegenfuss, Larissa"]
[Black "Ehmann, Johanna"]
[Result "1-0"]
[WhiteElo "1618"]
[BlackElo "1828"]
[PlyCount "29"]
[EventDate "2018.05.19"]
[EventType "swiss"]
[EventRounds "9"]
[EventCountry "GER"]
[SourceTitle "CBM 184 Extra"]
[Source "ChessBase"]
[SourceDate "2018.06.28"]
[SourceVersion "1"]
[SourceVersionDate "2018.06.28"]
[SourceQuality "1"]

1. e4 e5 2. Nf3 Nc6 3. Bc4 Bc5 4. c3 Nf6 5. d4 exd4 6. 0-0 d5 7. exd5 Nxd5 8. Qb3 Nce7 9. Qb5+ c6 10. Qxc5 dxc3 11. Bxd5 Nxd5 12. Nxc3 Be6 13. Nxd5 Bxd5 14. Re1+ Be6 15. Nd4 1-0

[Event "Pfalz op-B 9th"]
[Site "Neustadt an der Weinstrasse"]
[Date "2018.02.09"]
[Round "1"]
[White "Koehler, Gernot"]
[Black "Ziegenfuss, Larissa"]
[Result "1-0"]
[WhiteElo "1889"]
[BlackElo "1685"]
[PlyCount "65"]
[EventDate "2018.02.09"]
[EventType "swiss"]
[EventRounds "7"]
[EventCountry "GER"]
[SourceTitle "CBM 182 Extra"]
[Source "ChessBase"]
[SourceDate "2018.02.23"]
[SourceVersion "1"]
[SourceVersionDate "2018.02.23"]
[SourceQuality "1"]

1. d4 Nf6 2. Nf3 e6 3. c4 b6 4. g3 Bb7 5. Bg2 Be7 6. Nc3 0-0 7. 0-0 d6 8. Qd3 Nbd7 9. Bf4 a6 10. e4 Nh5 11. Be3 e5 12. Rad1 Nhf6 13. Nh4 c5 14. dxe5 Nxe5 15. Qe2 Qc7 16. Nf5 Rad8 17. f4 Nc6 18. Nd5 Nxd5 19. exd5 Nb8 20. Bd2 Bf6 21. Be4 Rfe8 22. Rde1 Bc8 23. Qf3 Bxb2 24. Bd3 Qd7 25. g4 Kh8 26. Qh3 g6 27. Nh6 Rxe1 28. Bxe1 Bg7 29. f5 Bd4+ 30. Kg2 Bg7 31. Qh4 Re8 32. Bd2 Qe7 33. f6 1-0

[Event "GER-chT U14 Girls"]
[Site "Neumuenster"]
[Date "2017.12.28"]
[Round "4.1"]
[White "Bardorz, Jana"]
[Black "Ziegenfuss, Larissa"]
[Result "0-1"]
[WhiteElo "1592"]
[BlackElo "1667"]
[PlyCount "126"]
[EventDate "2017.12.26"]
[EventType "team-swiss"]
[EventRounds "7"]
[EventCountry "GER"]
[SourceTitle "CBM 182 Extra"]
[Source "ChessBase"]
[SourceDate "2018.02.23"]
[SourceVersion "1"]
[SourceVersionDate "2018.02.23"]
[SourceQuality "1"]
[WhiteTeam "Neumarkt"]
[BlackTeam "Stadtilm Blau Weiss"]
[WhiteTeamCountry "GER"]
[BlackTeamCountry "GER"]

1. e4 c5 2. Nf3 e6 3. d4 cxd4 4. Nxd4 Nc6 5. Nc3 Qc7 6. Be3 Nf6 7. Bd3 a6 8. 0-0 b5 9. a3 Bb7 10. Re1 Be7 11. Rc1 Na5 12. Qd2 Rc8 13. Nde2 Ng4 14. Bf4 Qb6 15. Bg3 h5 16. h3 h4 17. hxg4 hxg3 18. Nxg3 Rh4 19. Qe3 Qxe3 20. fxe3 Rxg4 21. Nge2 Nc4 22. Bxc4 Rxc4 23. Rf1 Bxe4 24. Nxe4 Rgxe4 25. Rf3 Bg5 26. Kf2 Re5 27. Nd4 Rec5 28. c3 Bf6 29. Rh1 Ke7 30. Ke2 Bxd4 31. exd4 Rg5 32. Kf2 a5 33. Rc1 d5 34. Re3 Rh5 35. Rg3 g6 36. Ke2 Rc8 37. Kd3 a4 38. Rb1 Kd6 39. b3 Kc6 40. bxa4 bxa4 41. Rb4 Ra8 42. Rf3 Ra7 43. Rb8 Rh2 44. Rf2 Rh1 45. Kc2 Rh7 46. Rb4 f5 47. Re2 Rhe7 48. Re3 g5 49. Re5 Ra6 50. Kd3 Kd6 51. c4 dxc4+ 52. Kxc4 Rc7+ 53. Kb5 Rcc6 54. Rc5 Rcb6+ 55. Kc4 g4 56. g3 Rxb4+ 57. Kxb4 Rc6 58. Re5 Rc1 59. Kxa4 Rc3 60. Kb4 Rxg3 61. a4 Rd3 62. Kc4 Ra3 63. Kb5 g3 0-1

[Event "GER-chT U14 Girls"]
[Site "Neumuenster"]
[Date "2017.12.28"]
[Round "3.1"]
[White "Ziegenfuss, Larissa"]
[Black "Becker, Linda"]
[Result "1-0"]
[WhiteElo "1667"]
[BlackElo "1280"]
[PlyCount "53"]
[EventDate "2017.12.26"]
[EventType "team-swiss"]
[EventRounds "7"]
[EventCountry "GER"]
[SourceTitle "CBM 182 Extra"]
[Source "ChessBase"]
[SourceDate "2018.02.23"]
[SourceVersion "1"]
[SourceVersionDate "2018.02.23"]
[SourceQuality "1"]
[WhiteTeam "Stadtilm Blau Weiss"]
[BlackTeam "Porz SG"]
[WhiteTeamCountry "GER"]
[BlackTeamCountry "GER"]

1. e4 e6 2. d3 d5 3. Nd2 c5 4. g3 Nc6 5. Bg2 Nf6 6. Ngf3 Be7 7. 0-0 0-0 8. e5 Nd7 9. Re1 Qc7 10. Qe2 b5 11. Nf1 Nb6 12. Bf4 Bb7 13. h4 Rfd8 14. h5 h6 15. N1h2 c4 16. d4 b4 17. g4 Kf8 18. g5 hxg5 19. Bxg5 Bxg5 20. Nxg5 Nxd4 21. Qd2 Nc6 22. Qf4 Ke8 23. Ng4 Qe7 24. h6 gxh6 25. Nf6+ Kf8 26. Ngh7+ Kg7 27. Re3 1-0

[Event "GER-chT U14 Girls"]
[Site "Neumuenster"]
[Date "2017.12.27"]
[Round "1.1"]
[White "Ziegenfuss, Larissa"]
[Black "Muedder, Melanie"]
[Result "0-1"]
[WhiteElo "1667"]
[BlackElo "1872"]
[PlyCount "146"]
[EventDate "2017.12.26"]
[EventType "team-swiss"]
[EventRounds "7"]
[EventCountry "GER"]
[SourceTitle "CBM 182 Extra"]
[Source "ChessBase"]
[SourceDate "2018.02.23"]
[SourceVersion "1"]
[SourceVersionDate "2018.02.23"]
[SourceQuality "1"]
[WhiteTeam "Stadtilm Blau Weiss"]
[BlackTeam "Solingen SG"]
[WhiteTeamCountry "GER"]
[BlackTeamCountry "GER"]

1. e4 c5 2. Nc3 Nc6 3. Nge2 d6 4. g3 g6 5. Bg2 Bg7 6. d3 e6 7. 0-0 Nge7 8. Be3 Nd4 9. Qd2 0-0 10. Nd1 Nxe2+ 11. Qxe2 Rb8 12. Qd2 b6 13. Bh6 d5 14. Bxg7 Kxg7 15. Qf4 Bb7 16. h4 Nc6 17. f3 Nd4 18. Qd2 Qd6 19. Qf2 f5 20. c3 Nc6 21. exf5 exf5 22. f4 b5 23. Bf3 d4 24. c4 bxc4 25. dxc4 Nb4 26. a3 Bxf3 27. Qxf3 Nc2 28. Rc1 d3 29. Qf2 Nd4 30. Kh2 Rfe8 31. Nc3 Ne2 32. Rce1 Nxc3 33. bxc3 Rxe1 34. Rxe1 d2 35. Rd1 Rd8 36. Qe3 Kf7 37. Kg2 Qd3 38. Qf2 Qc2 39. Qf3 Qe4 40. Kf2 Rd3 41. Qg2 Qe3+ 42. Kf1 Rd7 43. Qc6 Ke7 44. Qg2 Qxc3 45. Qe2+ Kf7 46. Kf2 Qd4+ 47. Kf1 Qe4 48. Rxd2 Qh1+ 49. Kf2 Rxd2 50. Qxd2 Qh2+ 51. Ke1 Qxg3+ 52. Ke2 Qg2+ 53. Ke3 Qe4+ 54. Kf2 Qxc4 55. Qd7+ Kf6 56. Qxa7 Qxf4+ 57. Ke2 Qe4+ 58. Kd2 Qd4+ 59. Kc2 Qf2+ 60. Kc3 Qe3+ 61. Kc2 Qe2+ 62. Kc3 Qf3+ 63. Kc2 Qf2+ 64. Kc3 Qd4+ 65. Kc2 Qxh4 66. Qb6+ Kg7 67. Qxc5 Qe4+ 68. Kc3 f4 69. Qc7+ Kh6 70. Qd7 Qe3+ 71. Qd3 Kg5 72. a4 Kg4 73. a5 Qc5+ 0-1

[Event "Erfurt op (Women)"]
[Site "Erfurt"]
[Date "2017.08.02"]
[Round "6"]
[White "Nizamova, Rita"]
[Black "Ziegenfuss, Larissa"]
[Result "1-0"]
[WhiteElo "1328"]
[BlackElo "1673"]
[PlyCount "85"]
[EventDate "2017.07.31"]
[EventType "swiss"]
[EventRounds "9"]
[EventCountry "GER"]
[SourceTitle "CBM 179 Extra"]
[Source "ChessBase"]
[SourceDate "2017.08.23"]
[SourceVersion "1"]
[SourceVersionDate "2017.08.23"]
[SourceQuality "1"]

1. e4 c5 2. Nc3 e6 3. f4 Nc6 4. Nf3 Be7 5. g3 Qc7 6. Bg2 d6 7. 0-0 Nf6 8. d3 0-0 9. h3 a6 10. a4 Rb8 11. g4 b6 12. f5 exf5 13. exf5 h6 14. Bf4 Ne5 15. Qe2 Nxf3+ 16. Bxf3 Bb7 17. Rae1 Rfe8 18. Qg2 Bxf3 19. Qxf3 Qb7 20. Qxb7 Rxb7 21. Re2 Bf8 22. Rfe1 Rxe2 23. Rxe2 Re7 24. Kf2 Rxe2+ 25. Kxe2 Be7 26. Kf3 Kf8 27. Ne4 Nxe4 28. Kxe4 Ke8 29. Kd5 Kd7 30. c3 Kc7 31. h4 Kd7 32. g5 hxg5 33. Bxg5 f6 34. Be3 b5 35. axb5 axb5 36. b3 Bd8 37. Bf4 Be7 38. h5 Bf8 39. Be3 b4 40. cxb4 cxb4 41. Bd2 Be7 42. Bxb4 Bf8 43. Ba5 1-0

[Event "Erfurt op (Women)"]
[Site "Erfurt"]
[Date "2017.08.02"]
[Round "5"]
[White "Ziegenfuss, Larissa"]
[Black "Miturova, Magdalena"]
[Result "0-1"]
[WhiteElo "1673"]
[BlackElo "2203"]
[PlyCount "70"]
[EventDate "2017.07.31"]
[EventType "swiss"]
[EventRounds "9"]
[EventCountry "GER"]
[SourceTitle "CBM 179 Extra"]
[Source "ChessBase"]
[SourceDate "2017.08.23"]
[SourceVersion "1"]
[SourceVersionDate "2017.08.23"]
[SourceQuality "1"]

1. e4 e5 2. Nf3 Nc6 3. d4 exd4 4. Bc4 Nf6 5. 0-0 Bc5 6. Bg5 h6 7. Bxf6 Qxf6 8. Nbd2 d6 9. Re1 0-0 10. e5 dxe5 11. Ne4 Qe7 12. Qe2 Bg4 13. h3 Bh5 14. Ng3 Bxf3 15. Qxf3 Rae8 16. a3 g6 17. Bb5 Qe6 18. b3 Kg7 19. Ne4 Be7 20. Bc4 Qd7 21. g4 Nd8 22. Ng3 Bg5 23. Bd3 Bf4 24. Be4 c6 25. Bd3 Ne6 26. h4 Qd8 27. h5 Bxg3 28. Qxg3 Nf4 29. Kh2 Qg5 30. hxg6 fxg6 31. Re4 h5 32. f3 hxg4 33. fxg4 Rh8+ 34. Kg1 Rh3 35. Qe1 Qxg4+ 0-1

[Event "GER-ch U25-A"]
[Site "Willingen"]
[Date "2017.06.07"]
[Round "6"]
[White "Erofeev, Anastasia"]
[Black "Ziegenfuss, Larissa"]
[Result "1-0"]
[WhiteElo "1874"]
[BlackElo "1555"]
[PlyCount "87"]
[EventDate "2017.06.04"]
[EventType "swiss"]
[EventRounds "9"]
[EventCountry "GER"]
[SourceTitle "CBM 178 Extra"]
[Source "ChessBase"]
[SourceDate "2017.06.22"]
[SourceVersion "1"]
[SourceVersionDate "2017.06.22"]
[SourceQuality "1"]

1. d4 Nf6 2. c4 e6 3. Nf3 b6 4. g3 Bb7 5. Bg2 Be7 6. 0-0 0-0 7. Nc3 d6 8. Re1 c5 9. d5 exd5 10. cxd5 Nbd7 11. e4 Qc7 12. Bf4 Nh5 13. Be3 a6 14. a4 Nhf6 15. b3 Rfe8 16. Nd2 Ne5 17. f4 Nd3 18. Rf1 Bf8 19. Nc4 Nb4 20. Kh1 Nd7 21. Qd2 g6 22. Rae1 Bg7 23. Re2 Rab8 24. Ref2 f6 25. f5 g5 26. Bf3 Ne5 27. Nxe5 Rxe5 28. Rc1 Qf7 29. Nb1 Qe8 30. Re1 b5 31. axb5 axb5 32. Nc3 Ra8 33. Rff1 Rc8 34. Bf2 Ba6 35. Be2 Re7 36. Ra1 Rb8 37. Ra5 Kf8 38. Rfa1 Qc8 39. Bxb5 Bxb5 40. Rxb5 Rxb5 41. Nxb5 Qd7 42. Qe2 Nxd5 43. Ra8+ Kf7 44. Qh5# 1-0